Deutsche Könige & Kaiser - Statistiken

Allgemein
  • Dieses Quiz wurde 680 mal gespielt
  • Das Durchschnittsergebnis liegt bei 51 aus 98
Antwortstatistiken
Regierungs-
-zeit & -dauer
Name % Korrekt
1871 - 1888 (17 Jahre) Wilhelm I.
96%
1888 - 1918 (30 Jahre) Wilhelm II.
96%
1254 - 1273 (19 Jahre) Wilhelm von Holland
96%
1314 - 1330 (16 Jahre) Friedrich der Schöne
95%
1152 - 1190 (38 Jahre) Friedrich I. Barbarossa
95%
1212 - 1250 (38 Jahre) Friedrich II.
95%
1440 - 1493 (53 Jahre) Friedrich III.
95%
1888 (99 Tage) Friedrich III.
95%
843 - 877 (34 Jahre) Karl der Kahle
92%
768 - 814 (46 Jahre) Karl I. der Große
92%
876 - 887 (11 Jahre) Karl III. der Dicke
92%
1346 - 1378 (32 Jahre) Karl IV.
92%
717 - 741 (24 Jahre) Karl Martell
92%
1519 - 1558 (39 Jahre) Karl V.
92%
1711 - 1740 (29 Jahre) Karl VI.
92%
1742 - 1745 (3 Jahre) Karl VII.
92%
936 - 973 (37 Jahre) Otto I. der Große
83%
983 - 1002 (19 Jahre) Otto III.
83%
1198 - 1218 (20 Jahre) Otto IV.
83%
961 - 983 (22 Jahre) Otto II. der Rote
82%
1792 - 1806 (14 Jahre) Franz II.
76%
1745 - 1765 (20 Jahre) Franz I. / Stephan von Lothringen
76%
919 - 936 (17 Jahre) Heinrich I. der Vogler
75%
1002 - 1024 (22 Jahre) Heinrich II.
75%
1039 - 1056 (17 Jahre) Heinrich III.
75%
1053 - 1106 (53 Jahre) Heinrich IV.
75%
1246 - 1247 ( 1 Jahr) Heinrich Raspe IV.
75%
1106 - 1125 (19 Jahre) Heinrich V.
75%
1147 - 1150 (3 Jahre) Heinrich VI.
75%
1169 - 1197 (28 Jahre) Heinrich VI.
75%
1222 - 1235 (13 Jahre) Heinrich VII.
75%
1308 - 1313 (5 Jahre) Heinrich VII.
75%
814 - 840 (26 Jahre) Ludwig I. der Fromme
74%
843 - 876 (33 Jahre) Ludwig II. der Deutsche
74%
876 - 882 (6 Jahre) Ludwig III. der Jüngere
74%
900 - 911 (11 Jahre) Ludwig IV. das Kind
74%
1314 - 1347 (33 Jahre) Ludwig IV. der Bayer
74%
1493 - 1519 (26 Jahre) Maximilian I.
55%
1562 - 1576 (14 Jahre) Maximilian II.
55%
1705 - 1711 (6 Jahre) Joseph I.
54%
1764 - 1790 (26 Jahre) Joseph II.
54%
1531 - 1564 (33 Jahre) Ferdinand I.
53%
1619 - 1637 (18 Jahre) Ferdinand II.
53%
1636 - 1657 (21 Jahre) Ferdinand III.
53%
1653 - 1654 (1 Jahr) Ferdinand IV.
53%
1658 - 1705 (47 Jahre) Leopold I.
46%
1790 - 1792 (2 Jahre) Leopold II.
46%
1257 - 1272 (15 Jahre) Richard von Cornwall
46%
1273 - 1291 (19 Jahre) Rudolph I.
44%
911 - 918 (7 Jahre) Konrad I.
43%
1024 - 1039 (15 Jahre) Konrad II.
43%
1093 - 1101 (8 Jahre) Konrad III.
43%
1138 - 1152 (14 Jahre) Konrad III.
43%
1237 - 1254 (17 Jahre) Konrad IV.
43%
843 - 855 (12 Jahre) Lothar I.
42%
1125 - 1137 (12 Jahre) Lothar III.
42%
1575 - 1612 (37 Jahre) Rudolf II.
40%
1077 - 1080 (3 Jahre) Rudolf von Rheinfelden
40%
481 - 510 (29 Jahre) Chlodwig I.
39%
639 - 657 (18 Jahre) Chlodwig II. der Faule
39%
691 - 694 (3 Jahre) Chlodwig III.
39%
1198 - 1208 (10 Jahre) Philipp von Schwaben
39%
741 - 768 (27 Jahre) Pippin der Jüngere
39%
679 - 714 (35 Jahre) Pippin der Mittlere
39%
1292 - 1298 (6 Jahre) Adolf von Nassau
37%
1411 - 1437 (26 Jahre) Sigismund von Luxemburg
35%
1611 - 1619 (8 Jahre) Matthias
34%
1298 - 1308 (10 Jahre) Albrecht I.
31%
1438 - 1439 (1 Jahr) Albrecht II.
31%
1745 - 1780 (35 Jahre) Maria Theresia
31%
1378 - 1400 (22 Jahre) Wenzel
30%
741 - 747 (6 Jahre) Karlmann
29%
876 - 880 (4 Jahre) Karlmann
29%
768 - 771 (3 Jahre) Karlmann I.
29%
1081 - 1088 (7 Jahre) Hermann von Salm
28%
1257 - 1275 (18 Jahre) Alfons X.
25%
457 - 481 (24 Jahre) Childerich I.
23%
743 - 751 (8 Jahre) Childerich III.
23%
1400 - 1410 (10 Jahre) Ruprecht von der Pfalz
22%
887 - 899 (12 Jahre) Arnulf von Kärnten
21%
629 - 639 (10 Jahre) Dagobert I.
21%
711 - 716 (5 Jahre) Dagobert III.
21%
1349 (4 Monate) Günther von Schwarzburg
21%
1410 - 1411 (1 Jahr) Jobst von Mähren
19%
511 - 558 (47 Jahre) Theuderich
17%
511 - 561 (50 Jahre) Chlothar I.
16%
613 - 629 (16 Jahre) Chlothar II. der Junge
16%
657 - 673 (16 Jahre) Chlothar III.
16%
561 - 575 ( 14 Jahre) Sigibert
16%
638 - 687 (49 Jahre) Sigibert III.
16%
561 - 613 ( 52 Jahre) Chilperich
13%
511 - 524 (13 Jahre) Chlodomer
13%
673 - 687 (14 Jahre) Theuderich III.
13%
721 - 737 (16 Jahre) Theuderich IV.
13%
511 - 558 (47 Jahre) Childebert
12%
694 - 711 (17 Jahre) Childebert III.
12%
561 - 613 ( 52 Jahre) Guntram
12%
561 - 613 ( 52 Jahre) Charibert
10%
Keine übereinstimmenden Quizze gefunden
Verteilung der Resultate
Anzahl Personen mit jedem Resultat
Perzentil nach korrekt beantworteten Fragen
Ihre Resultats-Entwicklung
Sie haben dieses Quiz noch nicht gespielt